|
|
|
|
| LEADER |
00731cam a2200241ua 4500 |
| 008 |
060815t2002||||||||||| 001 ||eng c |
| 020 |
|
|
|a 81-7754-148-X
|
| 041 |
0 |
|
|a eng
|
| 082 |
|
|
|a 632.4
|b DUG/F
|
| 245 |
1 |
0 |
|a Fungous diseases of plants /
|
| 250 |
|
|
|a 1st.
|
| 260 |
|
|
|a Jodpur:
|b Agrobios,
|c 2002.
|
| 300 |
|
|
|a xii,508p..
|
| 362 |
1 |
|
|a 2002.
|
| 365 |
|
|
|a Rs.850/-
|e hb
|
| 500 |
|
|
|a Includes index.
|
| 501 |
|
|
|a with chapters on physiology, culture methods and techniques
|
| 650 |
|
|
|a Plant diseases
|
| 650 |
0 |
|
|a Agriculture
|
| 700 |
0 |
2 |
|a Duggar,, Benjamin Minge
|
| 942 |
|
|
|c BK
|
| 999 |
|
|
|c 191
|d 191
|
| 952 |
|
|
|0 0
|1 0
|4 0
|6 632_400000000000000_DUG
|7 0
|9 208
|a KUCL
|b KUCL
|d 2014-05-23
|l 0
|o 632.4 DUG/
|p 09492
|r 2014-05-23
|w 2014-05-23
|y BK
|